Random US States to Highest Peak - Statistics

General Stats
  • This quiz has been taken 24 times
  • The average score is 4 of 10
Answer Stats
State Highest Mountain % Correct
Oklahoma Black Mesa
100%
Alaska Denali
100%
Oregon Mount Hood
100%
Virginia Mount Rogers
100%
Mississippi Woodall Mountain
100%
Wyoming Gannett Peak
50%
Montana Granite Peak
50%
Michigan Mount Arvon
50%
Arkansas Mount Magazine
50%
Maryland Backbone Mountain
0%
Connecticut Bear Mountain
0%
Kentucky Black Mountain
0%
Idaho Borah Peak
0%
Nevada Boundary Peak
0%
Georgia Brasstown Bald
0%
Florida Britton Hill
0%
Ohio Campbell Hill
0%
Illinois Charles Mound
0%
Alabama Cheaha Mountain
0%
Tennessee Clingmans Dome
0%
Louisiana Driskill Mountain
0%
Minnesota Eagle Mountain
0%
Delaware Ebright
0%
Texas Guadalupe Peak
0%
South Dakota Harney Peak
0%
Iowa Hawkeye Point
0%
New Jersey High Point
0%
Indiana Hoosier Hill
0%
Arizona Humphreys Peak
0%
Rhode Island Jerimoth Hill
0%
Utah Kings Peak
0%
Hawaii Maunakea
0%
Pennsylvania Mount Davis
0%
Colorado Mount Elbert
0%
Massachusetts Mount Greylock
0%
Maine Mount Katahdin
0%
Vermont Mount Mansfield
0%
New York Mount Marcy
0%
North Carolina Mount Mitchell
0%
Washington Mount Rainier
0%
Kansas Mount Sunflower
0%
New Hampshire Mount Washington
0%
California Mount Whitney
0%
Nebraska Panorama Point
0%
South Carolina Sassafras Mountain
0%
West Virginia Spruce Knob
0%
Missouri Taurn Sauk Mountain
0%
Wisconsin Timms Hill
0%
New Mexico Wheeler Peak
0%
North Dakota White Butte
0%
No matching quizzes found
Score Distribution
Percent of People with Each Score
Percentile by Number Answered
Your Score History
You have not taken this quiz